000 00789cam a22002533a 4500
001 18989
003 PGUSA
005 20140828083413.0
008 060804s2006||||xxu|||||s|||||000 1 eng d
040 _aPGUSA
_beng
042 _adc
050 4 _aPT
100 1 _aNordau, Max Simon,
_d1849-1923
245 1 0 _aHow Women Love (Soul Analysis)
_h[electronic resource] /
_cMax Simon Nordau
260 _bProject Gutenberg,
_c2006
505 0 _aJustice or Revenge -- Prince and Peasant -- The Art of Growing Old -- How Women Love -- A Midsummer Night's Dream
506 _aPublic domain in the USA.
516 _aElectronic text
653 _aShort stories
653 _aFiction
830 0 _aProject Gutenberg
_v18989
856 4 0 _uhttp://www.gutenberg.org/ebooks/18989
942 _cEB
999 _c248244
_d248244